000 00387pab a2200157 454500
008 180718b2015 xxu||||| |||| 00| 0 eng d
100 _aRao, A.V.V.S.K.
245 _aModi government's budget sans destination and direction
260 _c2015
300 _ap.19-23.
362 _a9 May
650 _aBudgets - India
650 _aBudgets
773 _aMainstream
909 _a107880
999 _c107875
_d107875